| 000 | 00455cam a2200181ua 4500 | ||
|---|---|---|---|
| 001 | 15491 | ||
| 008 | 120405n II |||gr||||Z||||||eng | ||
| 040 | _aMAIN | ||
| 041 | _aEnglish | ||
| 082 | _a580 HAI | ||
| 100 | _aHAIT , GOPINATH . | ||
| 245 | _aA TEXT BOOK OF BOTANY (VOL-1) | ||
| 260 |
_aCALCUTTA: _bNEW CENTRAL BOOK AGENCY, _c2008. |
||
| 300 |
_a725: _c25CM. |
||
| 653 | _aPlants (Botany) | ||
| 700 | _aBHATTACHARYYA , KASHINATH . | ||
| 942 | _cBK | ||
| 999 |
_c15376 _d15376 |
||